Histórias do arco-íris (Registo nº 4646)

Detalhes MARC
000 -Etiqueta do registo
Cabeçalho 00646nam0a2200229 4500
005 - Identificador da versão
Campo de controlo 20240813122108.0
095 ## -
-- PTBN00817160
100 ## - Dados gerais de processamento
Dados gerais de processamento 20181120d1983 m y0pory5003 ba
102 ## - Pais de publicação ou produção
País de publicação Portugal
101 0# - Língua de publicação
Língua do texto, banda sonora, etc. Português
215 ## - Descrição física 
Indicação específica da natureza do documento e extensão da espécie 30, [2] p.
Outras indicações físicas il. color
200 1# - Titulo e menção de responsabilidade
Título próprio Histórias do arco-íris
Primeira menção de responsabilidade José Jorge Letria
225 1# - Colecção 
Título próprio da colecção Pássaro livre
Indicação de volume 40
210 ## - Publicação, Distribuição, etc. 
Lugar da edição, distribuição, etc. [S. l.]
Nome do editor, distribuidor, etc. Livros Horizonte
Data da publicação, distribuição, etc. cop. 1983
606 ## - Nome comum usado como assunto
Número de registo de entrada de autoridade 0001335
Palavra de ordem Literatura portuguesa
Subdivisão de assunto Conto
Código do sistema CA
675 ## - Classificação Decimal Universal (CDU)
Notação 821.134.3-34
Edição 3ª ed.
Língua da edição por
700 #1 - Nome de autor-pessoa física (responsabilidade principal)
Número de registo de entrada de autoridade 0000273
Palavra de ordem Letria
Outra parte do nome não tomada para palavra de ordem José Jorge
Datas 1951-
966 ## - Identificação da Biblioteca
Sigla EBVEN
942 ## - Elementos de entrada adicionados (Koha)
Tipo de item no Koha Livro
Exemplares
Situação do levantamento Origin of item (home branch) (coded) Biblioteca de empréstimo Código de barras Cota Circulation type (not for loan) Tipo de documento Nota do exemplar Damaged status
  Biblioteca Escolar das Vendas Biblioteca Escolar das Vendas BEV327 8POR LET   Livro Sem mensagem